Score 0/20 Timer 03:00
0 Plays Today
% Correct
Ed
89.3%
Everest
85%
Esmeralda
83.6%
Eddie
83.2%
Eevee
82.7%
Energizer
80.5%
Emily
80.5%
Elvira
79.4%
Evil-Lyn
76.6%
Elena
72.4%
% Correct
Enchantress
72%
El Kabong
71%
El Diablo
64.6%
Exodia
64%
Ezran
61.7%
Earl
61.7%
Elliot Reid
61.2%
Ezra
60.7%
Eldritch
56.1%
Ellie Sattler
43.9%
Remove Ads.
Support Sporcle.
Get the best of Sporcle when you Go Orange. This ad-free experience offers more features, more stats, and more fun while also helping to support Sporcle. Thank you for becoming a member.

You're not logged in!

Compare scores with friends on all Sporcle quizzes.
OR
Log In

Sporcle TV

Today on Sporcle TV


Watch our educational content, quiz creation guides, and fun videos on Sporcle TV.

Show Comments

Extras

Top Quizzes Today


Score Distribution

Paid Content

Your Account Isn't Verified!

In order to create a playlist on Sporcle, you need to verify the email address you used during registration. Go to your Sporcle Settings to finish the process.

Report this User

Report this user for behavior that violates our Community Guidelines.

Details: